000 00378nam a2200133Ia 4500
008 220204s9999 xx 000 0 und d
082 _a575.113:631.52
_bBRU
245 0 _aTailoring genes for crop improvement: An agricultural perspective
260 _aNew York
_bPlenum
_c1987
650 _aCrop improvement
650 _aPlant genes
700 _aBRUENING, George
942 _cBK
999 _c39678
_d39678